00841cam a2200229u 450000100100000000500170001000800410002702000150006804000250008308200150010810000270012324501110015026000300026130000210029149000280031250000320034050000380037270000360041083000350044695201130048199900170059400002619020200930024358.0860227s1996 ve 000 |bspa  a9800010815 aDO-SdBNPcspadBNPHU axxxbL665e1 aLevín, Pablo,95320410aEconomía política del capital tecnológico /cPablo Levín ; edición al cuidado Rosa Lucía Celi. aCaracas :bCENDES,c1996. a173 p. ;c21 cm.1 aMención Publicación aBibliografía : p. 167-173 aIncluye notas al pie de páginas1 aCeli, Rosa Lucía,eed.949733 0aMención Publicación929065 001050718MOaGRbGRcCTd2011-03-03iLF1l0oxxx L665ep26190-10r2020-06-25w2020-06-25y1ZNo se presta c25682d25682